La Internacional Comunista : (Record no. 1038)

000 -CABECERA
fixed length control field 01565nam a22003137a 4500
003 - IDENTIFICADOR DEL NÚMERO DE CONTROL
control field AR-CdUCM
008 - DATOS DE LONGITUD FIJA--INFORMACIÓN GENERAL
fixed length control field 190226b ||||| |||| 00| 0 spa d
040 ## - FUENTE DE LA CATALOGACIÓN
Agencia/entidad que catalogó originalmente la obra MUNICIPALIDAD PROVINCIAL DEL CUSCO
Entidad que transcribió la catalogación BIBLIOTECA MUNICIPAL DEL CUSCO
082 ## - NÚMERO DE LA CLASIFICACIÓN DECIMAL DEWEY
No. de Clasificación 335.409 /
Notacion interna SO63
100 ## - ENTRADA PRINCIPAL--NOMBRE DE PERSONA
Nombre Personal Sobolev, A.
245 ## - MENCIÓN DE TÍTULO
Título La Internacional Comunista :
Resto del título Ensayo histórico sucinto /
Mención de responsabilidad Sobolev, A. ; Shirinia, K. ; Firsov, F ; Koroliov, N. ; Reznikov, A. ; Zastavenko, G. ; Churbanov, L. ; Sokolov, E. (coautores) ; Kuznetsov M. (traductor)
260 ## - PUBLICACIÓN, DISTRIBUCIÓN, ETC.
Lugar de publicación, distribución, etc. Moscú :
Nombre de la editorial, distribuidor, etc. Ed. Progreso,
300 ## - DESCRIPCIÓN FÍSICA
Nº de Páginas Extensión 561 páginas ;
Dimensiones 21 cm.
505 ## - NOTA DE CONTENIDO CON FORMATO
Nota de contenido formateada Formación de la Internacional Comunista -- la Comunista como vanguardia de las fuerzas Revolucionarias del mundo (1919-1920) -- la lucha de la Internacional Comunista por las masas -- la Cominter en los años de estabilización parcial del capitalismo -- la Comunista durante en periodo de la crisis Económica del mundo Capitalista -- la Internacional Comunista en la lucha por el frente único de obreros y popular contra el Fascismo y la guerra ...
650 ## - PUNTO DE ACCESO ADICIONAL DE MATERIA--TÉRMINO DE MATERIA
Descriptor Fascismo - Comunismo.
9 (RLIN) 4039
650 ## - PUNTO DE ACCESO ADICIONAL DE MATERIA--TÉRMINO DE MATERIA
Descriptor Marxismo - Leninismo.
9 (RLIN) 4040
650 ## - PUNTO DE ACCESO ADICIONAL DE MATERIA--TÉRMINO DE MATERIA
Descriptor Internacional.
9 (RLIN) 4041
700 ## - PUNTO DE ACCESO ADICIONAL--NOMBRE DE PERSONA
Nombre Personal Shirinia, K.
9 (RLIN) 4042
700 ## - PUNTO DE ACCESO ADICIONAL--NOMBRE DE PERSONA
Nombre Personal Firsov, F.
9 (RLIN) 4043
700 ## - PUNTO DE ACCESO ADICIONAL--NOMBRE DE PERSONA
Nombre Personal Koro.liov, N.
9 (RLIN) 4044
700 ## - PUNTO DE ACCESO ADICIONAL--NOMBRE DE PERSONA
Nombre Personal Reznikov, A.
9 (RLIN) 4045
700 ## - PUNTO DE ACCESO ADICIONAL--NOMBRE DE PERSONA
Nombre Personal Zastavenko, G.
9 (RLIN) 4046
700 ## - PUNTO DE ACCESO ADICIONAL--NOMBRE DE PERSONA
Nombre Personal Churbanov, L.
9 (RLIN) 4047
700 ## - PUNTO DE ACCESO ADICIONAL--NOMBRE DE PERSONA
Nombre Personal Sokolov, E. (coautores)
9 (RLIN) 4048
700 ## - PUNTO DE ACCESO ADICIONAL--NOMBRE DE PERSONA
Nombre Personal Kuznetsov M. (traductor)
9 (RLIN) 4049
942 ## - ELEMENTOS DE PUNTO DE ACCESO ADICIONAL (KOHA)
Fuente de clasificación
Tipo de item Libros-BMC
945 ## - PROCESAMIENTO DE INFORMACIÓN LOCAL (OCLC)
Catalogador achl
AAAA-MM-DD - Fecha de ingreso o modificacion 2019-02-26
Holdings
Estado de retiro (separado) Fuente de clasificación o esquema de estanterías Estado dañado Ubicación Sala donde se ubica Nombre de la colección Fecha de adquisición o compra Costo, precio normal en soles Signatura topográfica Código de Barras Última vez visto (Koha) Tipo de ítem (Koha)
No     Sala Humanidades Administrador-biblioteca Book Cart 2019-02-26 50.00 335.409 / SO63 SH0000001073 2019-02-26 Libros-BMC

Powered by Koha